000 00544nam a2200181Ia 4500
999 _c8028
_d8028
003 OSt
005 20200120151431.0
008 190216s9999||||xx |||||||||||||| ||und||
020 _a9788131516690
040 _coclc
082 _a658.72
_bHAN/S
100 _a Handfield, Robert B
_91308
245 0 _aSourcing And Supply Chain Management /
_cRobert B Handfield ; Robert M Monczka
250 _a5th ed.
260 _bCengage Learning,
_c2012.
_aDelhi:
300 _a848p
942 _cBK
_2ddc
_h658.72
_iHAN/S
_k658.72
_mHAN/S